[Event "SRB-chT2 East CS"]
[Site "Kragujevac"]
[Date "2016.10.08"]
[Round "9.1"]
[White "Milic, Ivica"]
[Black "Stankovic, Dejan"]
[Result "0-1"]
[WhiteElo "1995"]
[BlackElo "2246"]
[PlyCount "36"]
[EventDate "2016.08.26"]
[EventType "team-tourn"]
[EventRounds "11"]
[EventCountry "SRB"]
[SourceTitle "EXT 2021"]
[Source "ChessBase"]
[SourceDate "2020.10.23"]
[SourceVersion "1"]
[SourceVersionDate "2020.10.23"]
[SourceQuality "1"]

1. e4 e5 2. Nf3 Nf6 3. Nc3 Bb4 4. Nd5 Nxd5 5. exd5 e4 6. Nd4 0-0 7. c3 Bc5 8. Nc2 Re8 9. Be2 Qg5 10. d4 Qxg2 11. Rf1 Bd6 12. Be3 f5 13. f4 exf3 14. Rxf3 Bxh2 15. Kd2 f4 16. Bf2 d6 17. Qh1 Bh3 18. Rxh3 Qxh3 0-1

[Event "SRB-chT Central"]
[Site "Kragujevac"]
[Date "2013.09.20"]
[Round "9.1"]
[White "Todorovic, Jovan"]
[Black "Stankovic, Dejan"]
[Result "1-0"]
[WhiteElo "2418"]
[BlackElo "2262"]
[PlyCount "51"]
[EventDate "2013.09.14"]
[EventType "team-tourn"]
[EventRounds "11"]
[EventCountry "SRB"]
[SourceTitle "CBM 156 Extra"]
[Source "ChessBase"]
[SourceDate "2013.10.22"]
[SourceVersion "1"]
[SourceVersionDate "2013.10.22"]
[SourceQuality "1"]
[WhiteTeam "Goracici Jelica"]
[BlackTeam "Donja Studena"]
[WhiteTeamCountry "SRB"]
[BlackTeamCountry "SRB"]

1. e4 e5 2. Nf3 Nf6 3. d4 Nxe4 4. Bd3 Nc6 5. dxe5 d5 6. 0-0 Bg4 7. Nc3 Nxc3 8. bxc3 Be7 9. Re1 0-0 10. h3 Bh5 11. Rb1 Na5 12. Bf5 c6 13. Qd3 Bxf3 14. Qxf3 g6 15. Bh6 Re8 16. e6 Bf6 17. exf7+ Kxf7 18. Bg4 b6 19. Bg5 Qd6 20. Bf4 Qf8 21. Bd7 Rxe1+ 22. Rxe1 Kg7 23. Re6 Qf7 24. Bxc6 Rc8 25. Bxd5 Rxc3 26. Rxf6 1-0

[Event "Nis Konak"]
[Site "Nis"]
[Date "2013.02.23"]
[Round "7"]
[White "Necevski, Alesandar"]
[Black "Stankovic, Dejan"]
[Result "1-0"]
[WhiteElo "2277"]
[BlackElo "2279"]
[PlyCount "51"]
[EventDate "2013.02.20"]
[EventType "tourn"]
[EventRounds "10"]
[EventCountry "SRB"]
[SourceTitle "CBM 153 Extra"]
[Source "ChessBase"]
[SourceDate "2013.04.22"]
[SourceVersion "1"]
[SourceVersionDate "2013.04.22"]
[SourceQuality "1"]

1. d4 d5 2. c4 c6 3. Nc3 Nf6 4. e3 e6 5. Nf3 Nbd7 6. Qc2 Bd6 7. g4 h6 8. Rg1 dxc4 9. Bxc4 b5 10. Be2 Bb7 11. e4 e5 12. Be3 b4 13. dxe5 Nxe5 14. Nxe5 Bxe5 15. Na4 Qc7 16. 0-0-0 0-0 17. h4 Bf4 18. g5 hxg5 19. hxg5 Nd7 20. g6 Bxe3+ 21. fxe3 Ne5 22. gxf7+ Rxf7 23. Bh5 Rf6 24. Qb3+ Kf8 25. Rdf1 Qe7 26. Rxf6+ 1-0

[Event "Nis Konak"]
[Site "Nis"]
[Date "2013.02.20"]
[Round "2"]
[White "Stankovic, Dejan"]
[Black "Necevski, Alesandar"]
[Result "1/2-1/2"]
[WhiteElo "2279"]
[BlackElo "2277"]
[PlyCount "47"]
[EventDate "2013.02.20"]
[EventType "tourn"]
[EventRounds "10"]
[EventCountry "SRB"]
[SourceTitle "CBM 153 Extra"]
[Source "ChessBase"]
[SourceDate "2013.04.22"]
[SourceVersion "1"]
[SourceVersionDate "2013.04.22"]
[SourceQuality "1"]

1. e4 e6 2. d4 d5 3. exd5 exd5 4. Bd3 Bd6 5. Nf3 Nf6 6. 0-0 0-0 7. Bg5 Bg4 8. Nbd2 Nbd7 9. c3 Re8 10. Qc2 h6 11. Bh4 c6 12. Rfe1 Qc7 13. Bg3 Rxe1+ 14. Rxe1 Re8 15. Rxe8+ Nxe8 16. Bf5 Bxf5 17. Qxf5 Bxg3 18. hxg3 Nd6 19. Qf4 Ne8 20. Qxc7 Nxc7 21. Kf1 Kf8 22. Ke2 Ke7 23. Nb3 b6 24. Nc1 1/2-1/2

[Event "SRB-chT Central"]
[Site "Kraljevo"]
[Date "2011.09.23"]
[Round "9.6"]
[White "Stankovic, Dejan"]
[Black "Ristovic, Radovan"]
[Result "1-0"]
[WhiteElo "2281"]
[BlackElo "2107"]
[PlyCount "59"]
[EventDate "2011.09.17"]
[EventType "team-tourn"]
[EventRounds "11"]
[EventCountry "SRB"]
[SourceTitle "CBM 144 Extra"]
[Source "ChessBase"]
[SourceDate "2011.10.28"]
[SourceVersion "1"]
[SourceVersionDate "2011.10.28"]
[SourceQuality "1"]
[WhiteTeam "Celin Kamen"]
[BlackTeam "Ribnica"]
[WhiteTeamCountry "YUG"]
[BlackTeamCountry "YUG"]

1. e4 e5 2. Nf3 Nc6 3. Bb5 Nf6 4. Qe2 Bc5 5. c3 0-0 6. 0-0 d6 7. Bxc6 bxc6 8. h3 h6 9. d4 exd4 10. cxd4 Bb6 11. Nc3 Re8 12. e5 Nd5 13. Qc4 Nxc3 14. bxc3 Qd7 15. Ba3 a5 16. Rfe1 Ba6 17. Qa4 d5 18. Qc2 Qe6 19. Nh4 Bc8 20. g4 h5 21. f3 hxg4 22. hxg4 a4 23. Kg2 Ra5 24. Qf2 c5 25. Rh1 cxd4 26. cxd4 c5 27. Nf5 Qg6 28. Qh4 f6 29. Qh8+ Kf7 30. Nd6+ 1-0

[Event "SRB-chT Central"]
[Site "Kraljevo"]
[Date "2011.09.18"]
[Round "3"]
[White "Stankovic, Dejan"]
[Black "Mladenovic, Stefan"]
[Result "1/2-1/2"]
[WhiteElo "2281"]
[BlackElo "2137"]
[PlyCount "46"]
[EventDate "2011.09.17"]
[EventType "team-tourn"]
[EventRounds "11"]
[EventCountry "SRB"]
[SourceTitle "CBM 144 Extra"]
[Source "ChessBase"]
[SourceDate "2011.10.28"]
[SourceVersion "1"]
[SourceVersionDate "2011.10.28"]
[SourceQuality "1"]
[WhiteTeam "Celin Kamen"]
[BlackTeam "Paracin"]
[WhiteTeamCountry "YUG"]
[BlackTeamCountry "YUG"]

1. e4 c5 2. Nf3 d6 3. Bb5+ Bd7 4. Bxd7+ Qxd7 5. 0-0 Nc6 6. c3 Nf6 7. d4 cxd4 8. cxd4 d5 9. e5 Ne4 10. Ne1 f6 11. f3 Ng5 12. Bxg5 fxg5 13. Nc3 e6 14. Ne2 Rc8 15. Rc1 Be7 16. Nd3 0-0 17. Qd2 Qe8 18. b4 b6 19. Rc2 a5 20. b5 Na7 21. Rxc8 Qxc8 22. Rc1 Qd7 23. a4 Rc8 1/2-1/2

[Event "SRB-chT 1st League"]
[Site "Valjevo"]
[Date "2010.09.19"]
[Round "2"]
[White "Andrejic, Vladica"]
[Black "Stankovic, Dejan"]
[Result "0-1"]
[WhiteElo "2185"]
[BlackElo "2240"]
[PlyCount "72"]
[EventDate "2010.09.18"]
[EventType "team"]
[EventRounds "11"]
[EventCountry "SRB"]
[SourceTitle "CBM 138 Extra"]
[Source "ChessBase"]
[SourceDate "2010.10.29"]
[SourceVersion "1"]
[SourceVersionDate "2010.10.29"]
[SourceQuality "1"]

1. d4 d5 2. c4 c6 3. Nf3 Nf6 4. Nc3 e6 5. Bg5 dxc4 6. e4 b5 7. e5 h6 8. Bh4 g5 9. Nxg5 Nd5 10. Nxf7 Qxh4 11. Nxh8 Bb4 12. Rc1 c5 13. dxc5 Qg5 14. Be2 Bb7 15. Bh5+ Kf8 16. Qf3+ Kg8 17. 0-0 Kxh8 18. Ne4 Qf4 19. Qh3 Qxe4 20. Bf7 Nd7 21. Bxe6 Nxc5 22. Bf5 Qf4 23. Rcd1 Ne7 24. Bb1 Rg8 25. f3 Bd2 26. Kh1 b4 27. Rf2 c3 28. Re2 Ba6 29. Re4 Nxe4 30. Bxe4 Be2 31. Qe6 Rxg2 32. Kxg2 Qg5+ 33. Kh1 Bxd1 34. Qf7 Qg7 35. Qe8+ Ng8 36. bxc3 Be3 0-1